000
00288nam a22001217a 4500
082
_a
297.51241
100
_a
Abdullah Bin Ismail Bukhari
245
_a
BUKHAARI SHARIF 2
260
_a
Lahore:
_b
Islamia Kutab Khana;
_c
2002.
300
_a
919p. ;
_b
24 cm.
500
_a
Hardcover.
942
_c
BK
999
_c
32577
_d
32577